000
00239nam a2200097Ia 4500
008
240625s9999 xx 000 0 und d
041
_a
eng
082
_a
808.20 RAO
100
_a
RAO GAURAV
245
_a
COMPETITOR DATABASE FOR FAIVELEY TRANSPO
999
_c
37121
_d
37121